| 000 | 007100000a22002410004500 | ||
|---|---|---|---|
| 003 | LK-CoMWRAF | ||
| 005 | 20231211093800.0 | ||
| 008 | 230817t1985 ||||| |||| 00| 0 eng d | ||
| 020 | _a860371158 | ||
| 040 |
_aLK-CoMWRAF _dLK-CoMWRAF _eLK-CoMWRAF |
||
| 041 | _aeng | ||
| 082 |
_a297.44 _bMUR |
||
| 100 | _aMurad, Khurram | ||
| 245 | _aLove your brother, love your neighbour | ||
| 260 |
_a Leicester: _bIslamic Foundation, _c1982 |
||
| 300 | _a 31 p. : color ill. ; 21 cm. | ||
| 490 |
_aMuslim children's library _v9 |
||
| 650 | _aIslamic life Love - For children | ||
| 650 | _aLove (Islam)- Juvenile literature | ||
| 700 |
_aMurad, Khurram _eed. |
||
| 700 |
_avon Denffer, Ahmad _eed. |
||
| 942 | _cBK | ||
| 999 |
_c1797 _d1797 |
||